| 000 | 00726nam a2200241 i 4500 | ||
|---|---|---|---|
| 003 | DO-SdBNP | ||
| 005 | 20230623093231.0 | ||
| 007 | ta | ||
| 008 | 230623b1999 dr a|||| |||| 00| 0 spa d | ||
| 040 |
_aDO-SdBNP _bspa _cBNPHU _erda |
||
| 082 | 4 | _222 | |
| 245 | 0 | 0 | _aNormas nacionales para el manejo de las principales urgencias obstétricas |
| 264 |
_aSanto Domingo : _bSESPAS _bFNUAP, _c1999. |
||
| 300 |
_a96 páginas : _bilustraciones ; _c22 cm. |
||
| 336 |
_2rdacontent _atexto _btxt |
||
| 337 |
_2rdamedia _asin mediación _bn |
||
| 338 |
_2rdacarrier _avolumen _bnc |
||
| 490 |
_aNormas Nacionales _v7 |
||
| 504 | _aBibliografía : p. 95-96 | ||
| 590 | _aInventariado, 2023/BT | ||
| 910 | _aBtavárez | ||
| 942 |
_2ddc _cLBS1 |
||
| 999 |
_c53915 _d53915 |
||